[Event "ICS rated blitz match"]
[Site "207.99.83.227"]
[Date "1999.04.20"]
[Round "?"]
[White "callao"]
[Black "Hossa"]
[Result "0-1"]
[WhiteElo "2310"]
[BlackElo "2514"]
[PlyCount "96"]

1. Nf3 c5 2. c4 Nc6 3. Nc3 e5 4. d3 Nf6 5. g3 d5 6. cxd5 Nxd5 7. Bg2 Nxc3 8.
bxc3 Be7 9. O-O O-O 10. Rb1 Rb8 11. Qa4 Be6 12. Qc2 Qd7 13. Re1 Bh3 14. Bh1 Bg4
15. Nd2 Be6 16. Ne4 f5 17. Ng5 Bd5 18. e4 fxe4 19. dxe4 Bc4 20. Bg2 Bxg5 21.
Bxg5 Qe6 22. Rb2 Qg6 23. Be3 b6 24. Qa4 Qe6 25. Rd2 Rbd8 26. Red1 Rxd2 27. Rxd2
Rf6 28. Bg5 Rf7 29. Qd1 Rf8 30. Rd6 Qe8 31. a3 Ne7 32. Rd7 Nc8 33. Rd8 Qf7 34.
Rxf8+ Qxf8 35. Qd7 h6 36. Bd8 Qd6 37. Qxd6 Nxd6 38. Bc7 Nb5 39. Bxe5 Nxa3 40.
Bb8 Nb5 41. Bh3 a5 42. e5 a4 43. e6 a3 44. e7 Kf7 45. Bf1 Bxf1 46. Kxf1 a2 47.
c4 a1=Q+ 48. Kg2 48... Qa8+ {callao resigns} 0-1

[Event "ICS rated bullet match"]
[Site "207.99.83.227"]
[Date "1999.04.20"]
[Round "?"]
[White "aborras"]
[Black "Hossa"]
[Result "0-1"]
[WhiteElo "2173"]
[BlackElo "2465"]
[PlyCount "38"]

1. d4 Nf6 2. c4 g6 3. f3 Bg7 4. e4 O-O 5. Be3 d6 6. Qd2 e5 7. Ne2 Nbd7 8. d5
Nb6 9. b3 c6 10. dxc6 bxc6 11. Nbc3 d5 12. Bxb6 axb6 13. cxd5 cxd5 14. exd5 e4
15. fxe4 Nxe4 16. Nxe4 Bxa1 17. g3 Bb7 18. Nf4 g5 19. Nh5 19... Re8 {
aborras resigns} 0-1

[Event "ICS rated blitz match"]
[Site "207.99.83.227"]
[Date "1999.04.20"]
[Round "?"]
[White "Hossa"]
[Black "Prof-Moriarty"]
[Result "1-0"]
[WhiteElo "2522"]
[BlackElo "2246"]
[PlyCount "33"]

1. e4 c5 2. Bc4 e6 3. Nc3 Nc6 4. Nf3 d6 5. O-O Nf6 6. d4 cxd4 7. Nxd4 Be7 8.
Bb5 Bd7 9. Bg5 O-O 10. Nxc6 bxc6 11. Bc4 d5 12. exd5 cxd5 13. Bb3 Ne4 14. Bxe7
Nxc3 15. Bxd8 Nxd1 16. Be7 Rfe8 17. Ba3 {Prof-Moriarty resigns} 1-0

[Event "ICS rated blitz match"]
[Site "207.99.83.227"]
[Date "1999.04.20"]
[Round "?"]
[White "Prof-Moriarty"]
[Black "Hossa"]
[Result "0-1"]
[WhiteElo "2241"]
[BlackElo "2527"]
[PlyCount "74"]

1. d4 Nf6 2. Nf3 e6 3. e3 Be7 4. Bd3 O-O 5. b3 b6 6. Nbd2 Bb7 7. Bb2 d5 8. O-O
c5 9. Ne5 Nc6 10. a3 Rc8 11. f4 cxd4 12. exd4 Bd6 13. Qe2 Qe7 14. Rf3 Kh8 15.
Rh3 Rcd8 16. Bxh7 Bxe5 17. Bd3+ Kg8 18. fxe5 Ne4 19. Qh5 f5 20. exf6 Rxf6 21.
Qh7+ Kf8 22. Nxe4 dxe4 23. Bxe4 Rf4 24. Rf1 Rxf1+ 25. Kxf1 Ke8 26. Rg3 Rd7 27.
Qg8+ Qf8+ 28. Qxf8+ Kxf8 29. Rf3+ Ke7 30. c3 Nxd4 31. cxd4 Bxe4 32. Rh3 Bd5 33.
Rh7 Kd6 34. Ke2 Rc7 35. Kd2 Be4 36. Bc3 Bxh7 37. d5 37... Kxd5 {
Prof-Moriarty resigns} 0-1

[Event "ICS rated blitz match"]
[Site "207.99.83.227"]
[Date "1999.04.20"]
[Round "?"]
[White "Hossa"]
[Black "sega"]
[Result "1/2-1/2"]
[WhiteElo "2532"]
[BlackElo "2152"]
[PlyCount "67"]

1. e4 e6 2. Nf3 d5 3. e5 c5 4. Bb5+ Bd7 5. Bxd7+ Nxd7 6. d4 Ne7 7. dxc5 Qc7 8.
O-O Nxe5 9. Nxe5 Qxe5 10. Re1 Qf6 11. c3 Rd8 12. Be3 Nc6 13. Bd4 Qg6 14. Qb3
Rd7 15. Na3 Be7 16. Qc2 O-O 17. Qxg6 hxg6 18. Nb5 a6 19. Na3 Bf6 20. Bxf6 gxf6
21. Rad1 e5 22. Nc4 d4 23. f4 Rfd8 24. fxe5 dxc3 25. Rxd7 Rxd7 26. exf6 c2 27.
Ne3 Rd2 28. Rc1 Nd4 29. Kf1 Re2 30. Nd5 Rd2 31. Ne3 Re2 32. Nd5 Rd2 33. Ne3 Re2
34. Nd5 {Game drawn by repetition} 1/2-1/2

[Event "ICS Rated blitz match"]
[Site "207.99.83.227"]
[Date "1999.04.21"]
[Round "?"]
[White "Hossa"]
[Black "SuperChicken"]
[Result "1/2-1/2"]
[WhiteElo "2519"]
[BlackElo "2810"]
[PlyCount "99"]

1. e4 Nf6 2. e5 Nd5 3. Nc3 Nxc3 4. dxc3 Nc6 5. Nf3 d6 6. Bf4 dxe5 7. Qxd8+ Nxd8
8. Bxe5 c6 9. O-O-O Bg4 10. Be2 f6 11. Bg3 e5 12. Rhe1 Be7 13. Nd4 Bd7 14. Nb3
Nf7 15. f4 O-O-O 16. Bh5 g6 17. Bf3 Rhe8 18. fxe5 fxe5 19. Kb1 Bf5 20. Nd2 Rd7
21. Ne4 Rxd1+ 22. Rxd1 Rd8 23. Re1 Kc7 24. h3 Rd5 25. h4 h6 26. Bf2 Be6 27. c4
Ra5 28. b3 g5 29. hxg5 Nxg5 30. Nxg5 hxg5 31. Bg3 Bd6 32. Be4 Bb4 33. Rd1 b6
34. a4 a6 35. Kb2 Bg4 36. Rf1 Bd7 37. Rf7 Kc8 38. c3 Bd6 39. Kc2 b5 40. axb5
axb5 41. cxb5 cxb5 42. Rg7 Ra2+ 43. Kb1 Re2 44. Bf3 Bf5+ 45. Ka1 Rc2 46. Rxg5
Rc1+ 47. Kb2 Rc2+ 48. Ka1 Rc1+ 49. Kb2 Rc2+ 50. Ka1 {Game drawn by repetition}
1/2-1/2

[Event "ICS rated blitz match"]
[Site "207.99.83.227"]
[Date "1999.04.21"]
[Round "?"]
[White "TDChess"]
[Black "Hossa"]
[Result "1-0"]
[WhiteElo "2591"]
[BlackElo "2530"]
[Annotator "Crafty v16.6"]
[PlyCount "111"]

{annotating for player ossa  using a scoring margin of +0.10 pawns.  search
time limit is 10.00} 1. d4 1... Nf6 2. Nf3 e6 3. e3 Be7 4. Nc3 O-O 5. Bd3 d5 6.
O-O c5 7. b3 Nc6 8. Ne5 Nb4 9. Bb5 a6 10. Be2 Qc7 11. Bb2 Bd6 12. f4 cxd4 13.
exd4 Ne8 14. a3 Nc6 15. Nxc6 Qxc6 16. Qd3 Bd7 17. a4 Rc8 18. Qg3 Qb6 19. Rad1
Qd8 20. Rd3 Qf6 21. Qh3 Nc7 22. Rdd1 a5 23. Bc1 Be7 24. Qe3 Qh4 25. Bd2 Bc6 26.
Na2 b6 27. Be1 Qh6 28. Rd3 b5 29. Bxa5 bxa4 30. Rc3 Nb5 31. Rxc6 Rxc6 32. Bxb5
Rxc2 33. Nb4 axb3 34. Nxc2 bxc2 35. Bd3 Rc8 36. Rc1 Ba3 37. Rxc2 Rxc2 38. Bxc2
Bd6 39. Bd2 Qh4 40. Qd3 Kh8 41. g3 Qh6 42. f5 Qh3 43. Qb5 g6 44. Qe8+ Kg7 45.
f6+ Kxf6 46. Qh8+ Ke7 47. Ba5 e5 48. Qd8+ Ke6 49. Qc8+ Ke7 50. Qxh3 exd4 51.
Qc8 Ba3 52. Bd8+ Kd6 53. Qc7+ Ke6 54. Qc6+ Bd6 55. Qe8+ Be7 56. Qxe7# 1-0

[Event "ICS rated blitz match"]
[Site "207.99.83.227"]
[Date "1999.04.21"]
[Round "?"]
[White "Hossa"]
[Black "TDChess"]
[Result "0-1"]
[WhiteElo "2517"]
[BlackElo "2596"]
[Annotator "Crafty v16.6"]
[PlyCount "102"]

{annotating for player ossa  using a scoring margin of +0.10 pawns.  search
time limit is 10.00} 1. e4 1... e6 2. Nf3 d5 3. exd5 exd5 4. d4 ({8:+0.10} 4.
d4 4... Nf6 5. Bb5+ c6 6. Bd3 Bb4+ 7. Bd2 Bxd2+ 8. Nbxd2 O-O 9. O-O 9... Bg4
$10) ({8:+0.98} 4. Bb5+ $16) 4... Nf6 5. Bd3 Qe7+ 6. Be2 Nc6 7. O-O Bg4 8. Re1
({8:+0.07} 8. Re1 8... O-O-O 9. Ng5 Qd7 10. Bxg4 Nxg4 11. Bf4 Bb4 12. Nc3 $10)
({8:+0.47} 8. Bb5 8... Qd6 9. Re1+ Ne4 10. Nc3 O-O-O 11. Nxe4 dxe4 12. Rxe4
Bxf3 13. Qxf3 13... Nxd4 $14) 8... O-O-O 9. Ng5 ({9:-0.08} 9. Ng5 9... Qd7 10.
Nc3 Bb4 11. a3 Bxe2 12. Rxe2 Bd6 13. Nb5 13... Ng4 $10) ({9:+0.17} 9. Ne5 9...
Bxe2 10. Rxe2 Nxe5 11. Rxe5 Qd7 12. Nc3 Bd6 13. Rg5 Bf8 14. Bf4 $10) 9... Bxe2
10. Rxe2 Qd7 11. Be3 ({9:-0.25} 11. Be3 11... Ng4 12. Bf4 Bd6 13. Qd2 h6 14.
Nh3 Bxf4 15. Nxf4 15... Rhe8 $10) ({9:-0.01} 11. Nc3 11... h6 12. Nf3 Bd6 13.
Qd3 Nb4 14. Qb5 Qf5 15. Nh4 $10) 11... Bd6 12. Nd2 Ng4 13. Ndf3 f6 14. Nh3 Nxe3
15. Rxe3 g5 16. c4 dxc4 17. d5 g4 18. dxc6 Bxh2+ 19. Kxh2 Qxd1 20. cxb7+ Kxb7
21. Rxd1 Rxd1 22. Nhg1 gxf3 23. Nxf3 Rb8 24. b3 cxb3 25. axb3 Rf1 26. Re2 Rb1
27. Nd4 a5 28. Re7 Kb6 29. Rf7 Kc5 30. Ne6+ Kd6 31. Nxc7 f5 32. Na6 Rb5 33.
Rxh7 R1xb3 34. Rh6+ Ke5 35. Nc7 Rb6 36. Rh8 a4 37. g3 Rc6 38. Re8+ Kd6 39. Ne6
Kd7 40. Ng7 Rc2 41. Kg2 Rbb2 42. Re3 Rxf2+ 43. Kg1 Rfd2 44. Re1 a3 45. Ne8 a2
46. Nf6+ Kd6 47. Ne8+ Kc5 48. Nc7 Rb1 49. Na6+ Kc4 50. Kf1 a1=Q 51. Rxb1 Qxb1#
0-1

[Event "ICS rated blitz match"]
[Site "207.99.83.227"]
[Date "1999.04.21"]
[Round "?"]
[White "MITOCAYO"]
[Black "Hossa"]
[Result "0-1"]
[WhiteElo "2469"]
[BlackElo "2505"]
[PlyCount "126"]

1. e4 c5 2. Nf3 Nc6 3. d4 cxd4 4. Nxd4 Qb6 5. Nb3 Nf6 6. Be3 Qb4+ 7. Nc3 Nxe4
8. a3 Nxc3 9. axb4 Nxd1 10. Kxd1 Nxb4 11. Bb5 a6 12. Re1 e6 13. Ra4 Nd5 14. Bd4
Rb8 15. Be2 d6 16. Bf3 Bd7 17. Ra5 Ne7 18. Bb6 Nc6 19. Rg5 Ne5 20. Be2 Ng6 21.
Rg3 Be7 22. c4 O-O 23. Nd2 Rfc8 24. Ba7 Ra8 25. Bd4 Bh4 26. Rc3 Nf4 27. Bf3 e5
28. Be3 d5 29. Bxd5 Nxd5 30. cxd5 Rd8 31. Rc4 Bf6 32. Bb6 Rdc8 33. Rc7 Rxc7 34.
Bxc7 Re8 35. Re3 h5 36. h3 g6 37. Ne4 Bg7 38. Nc5 Rc8 39. Bd6 Bf5 40. Nxb7 Bc2+
41. Ke1 e4 42. f3 exf3 43. gxf3 Bxb2 44. h4 Bf6 45. Ra3 Bxh4+ 46. Kd2 Bf2 47.
Na5 Bb1 48. Nc6 Ra8 49. Ra1 Bf5 50. Ne7+ Kh7 51. Nxf5 gxf5 52. Bc7 h4 53. d6
Bg3 54. Ke2 h3 55. Rh1 h2 56. Kf1 Rg8 57. Ke2 Kg7 58. Kd3 Kf6 59. Kc4 Bf4 60.
Kc5 Rg1 61. Rxh2 Bxh2 62. Kc6 Rd1 63. d7 63... Rc1+ {MITOCAYO resigns} 0-1

[Event "ICS rated blitz match"]
[Site "207.99.83.227"]
[Date "1999.04.21"]
[Round "?"]
[White "Hossa"]
[Black "kabayo"]
[Result "1/2-1/2"]
[WhiteElo "2525"]
[BlackElo "2245"]
[PlyCount "114"]

1. e4 c5 2. Bc4 e6 3. Nc3 Nc6 4. Nf3 d6 5. O-O Nf6 6. d4 cxd4 7. Nxd4 Be7 8.
Bb5 Bd7 9. Bg5 O-O 10. Nxc6 bxc6 11. Bc4 d5 12. exd5 cxd5 13. Bb3 h6 14. Be3 a5
15. Qd4 Rb8 16. a3 Bc6 17. Rae1 Qd7 18. Qf4 Bd6 19. Qh4 Nh7 20. Kh1 e5 21. Qg3
e4 22. Bf4 Bxf4 23. Qxf4 a4 24. Bxd5 Bxd5 25. Rd1 Nf6 26. Nxd5 Nxd5 27. Qe5 Qb5
28. Qxd5 Qxb2 29. Qxe4 Qxa3 30. Ra1 Qc5 31. Rxa4 Qxf2 32. Raa1 Qc5 33. Ra2 Rfe8
34. Qf4 Rb7 35. c4 Rbe7 36. Rd2 f6 37. Rd5 Qc6 38. Rd6 Qc5 39. h3 Re4 40. Qg3
Kh8 41. Rd7 Rg8 42. Rc7 Qa5 43. Kh2 Re5 44. Rd7 Qc5 45. Rf4 Rg5 46. Qd3 Qe5 47.
g3 Qb2+ 48. Kh1 Re5 49. Rxf6 Re1+ 50. Rf1 Re2 51. Qf3 Rge8 52. h4 Rh2+ 53. Kg1
Rc2 54. Qc6 Qe5 55. Qf3 Qb2 56. Qc6 Qe5 57. Qf3 57... Qb2 {
Game drawn by repetition} 1/2-1/2

[Event "ICS rated blitz match"]
[Site "207.99.83.227"]
[Date "1999.04.21"]
[Round "?"]
[White "kabayo"]
[Black "Hossa"]
[Result "1/2-1/2"]
[WhiteElo "2256"]
[BlackElo "2514"]
[PlyCount "160"]

1. e4 d6 2. d4 Nf6 3. Nc3 Nbd7 4. Nf3 e5 5. Bc4 exd4 6. Qxd4 Be7 7. O-O O-O 8.
a4 Nb6 9. Ba2 Nfd7 10. a5 Bf6 11. Qb4 Bxc3 12. bxc3 Qf6 13. axb6 Nxb6 14. Be3
Bg4 15. Nd2 Be6 16. Bxb6 axb6 17. Bxe6 Rxa1 18. Rxa1 fxe6 19. Qd4 Qf4 20. Nf3
Kh8 21. h3 e5 22. Qd5 g5 23. Qxb7 h5 24. Ra8 Qc1+ 25. Kh2 Qf4+ 26. Kh1 g4 27.
hxg4 hxg4 28. Nh4 Qc1+ 29. Kh2 Qf4+ 30. g3 Qxf2+ 31. Ng2 Qf6 32. Rxf8+ Qxf8 33.
Qd5 Qh6+ 34. Nh4 Qc1 35. Qd3 Qh6 36. Qe2 Qg5 37. Qf2 Qh6 38. Kg2 Kg8 39. Qe2
Qh5 40. Qf2 Qh6 41. Qe2 Qh5 42. Qe3 Kh8 43. Kf2 Kh7 44. Ke1 Kg7 45. Kd2 Kh7 46.
Kc1 Qf7 47. Qe2 Qg8 48. Nf5 Qg5+ 49. Kb2 d5 50. Ne3 dxe4 51. Nxg4 e3 52. Nxe3
e4 53. Ng2 Qd5 54. Nf4 Qf5 55. Qh5+ Qxh5 56. Nxh5 Kg6 57. Nf4+ Kf5 58. Kc1 Kg4
59. Ne2 Kf3 60. Kd2 e3+ 61. Kd3 b5 62. g4 c5 63. Nc1 Kf4 64. g5 Kxg5 65. Kxe3
Kf6 66. Nb3 c4 67. Nd4 Kg6 68. Nxb5 Kg7 69. Na3 Kf7 70. Nxc4 Ke6 71. Kd4 Kf5
72. Ne5 Kg5 73. c4 Kf6 74. c5 Ke6 75. c6 Kf5 76. c4 Kg5 77. c7 Kf4 78. c8=Q Kg3
79. Qg4+ Kf2 80. Kd3 80... Kf1 {
kabayo ran out of time and Hossa has no material to mate} 1/2-1/2

[Event "ICS rated bullet match"]
[Site "207.99.83.227"]
[Date "1999.04.21"]
[Round "?"]
[White "Hossa"]
[Black "TDChess"]
[Result "1/2-1/2"]
[WhiteElo "2482"]
[BlackElo "2477"]
[PlyCount "127"]

1. e4 e6 2. Nf3 d5 3. Nc3 Nf6 4. exd5 exd5 5. Bb5+ c6 6. Bd3 Be7 7. O-O O-O 8.
Re1 Ng4 9. Be2 d4 10. Ne4 Bf5 11. d3 Qb6 12. Nxd4 Qxd4 13. Bxg4 Bxg4 14. Qxg4
f5 15. Qg3 fxe4 16. Rxe4 Qd8 17. Bf4 Bc5 18. Rae1 Na6 19. c3 Bb6 20. Re7 Rf7
21. Rxf7 Kxf7 22. Be5 g6 23. Qh3 h5 24. Qg3 Qf8 25. Bd6 Re8 26. Qf3+ Kg8 27.
Qxf8+ Rxf8 28. Bxf8 Kxf8 29. b4 Bd8 30. d4 Nc7 31. c4 Bf6 32. Rd1 Na6 33. a3
Ke7 34. d5 cxd5 35. Rxd5 Nc7 36. Rd2 g5 37. Rd3 Ne6 38. Re3 Bd4 39. Re2 h4 40.
h3 Kf6 41. Rd2 b6 42. Kf1 a5 43. bxa5 Bc3 44. Rd6 Bxa5 45. g3 Ke7 46. Rd5 Bc3
47. a4 hxg3 48. fxg3 Ba5 49. h4 gxh4 50. gxh4 Nc5 51. h5 Kf6 52. h6 Kg6 53.
Rd6+ Kh7 54. Ke2 Nxa4 55. Kd3 Bb4 56. Rf6 Bc3 57. Rc6 Be5 58. Ke3 Bb2 59. Kd2
Bd4 60. Kd3 Be5 61. Ke3 Bc3 62. Kd3 Bb4 63. Rf6 Bc3 64. Rc6 {
Game drawn by repetition} 1/2-1/2

[Event "ICS rated blitz match"]
[Site "207.99.83.227"]
[Date "1999.04.21"]
[Round "?"]
[White "Hossa"]
[Black "kabayo"]
[Result "1-0"]
[WhiteElo "2504"]
[BlackElo "2262"]
[PlyCount "83"]

1. e4 c5 2. Bc4 Nc6 3. f4 e6 4. Nc3 g6 5. Nf3 Bg7 6. O-O Nge7 7. e5 d5 8. exd6
Qxd6 9. Ne4 Qd8 10. c3 b6 11. d3 O-O 12. Qe2 Bb7 13. Bd2 Na5 14. Rad1 Nxc4 15.
dxc4 Qc7 16. Ne5 Nc6 17. Nxc6 Qxc6 18. Rfe1 Rad8 19. Ng3 Rd7 20. a3 Rfd8 21.
Nf1 Qa4 22. Ne3 Qb3 23. Bc1 Bh6 24. Rxd7 Rxd7 25. Ng4 Bg7 26. Kh1 h5 27. Ne3
Qa4 28. Qf2 Qc6 29. Bd2 Bf6 30. Re2 Bg7 31. Re1 Bh6 32. b3 Qe4 33. Nd5 Qf5 34.
Re5 Qb1+ 35. Re1 Qf5 36. Re5 exd5 37. Rxf5 gxf5 38. Qe2 Kg7 39. Qe5+ Kg6 40.
Qe8 Bc6 41. cxd5 Bb5 42. c4 {kabayo resigns} 1-0

[Event "ICS rated blitz match"]
[Site "207.99.83.227"]
[Date "1999.04.21"]
[Round "?"]
[White "kabayo"]
[Black "Hossa"]
[Result "1-0"]
[WhiteElo "2256"]
[BlackElo "2510"]
[Annotator "Crafty v16.6"]
[PlyCount "96"]

{annotating for player ossa  using a scoring margin of +0.10 pawns.  search
time limit is 10.00} 1. e4 1... e5 2. Nf3 Nc6 3. Bb5 Bc5 4. O-O Nge7 5. c3 O-O
({8:-0.55} 5... O-O 6. c4 a6 7. Bxc6 Nxc6 8. d3 b5 9. Bg5 9... Qe8 $14) ({
8:-0.43} 5... a6 6. Bxc6 Nxc6 7. d4 exd4 8. cxd4 Be7 9. d5 Nb4 10. Nc3 $14) 6.
d4 Bd6 ({9:-0.64} 6... Bd6 7. d5 Nb8 8. Bg5 c6 9. Bc4 b5 10. Bd3 10... Na6 $14)
({9:-0.34} 6... exd4 7. cxd4 Bb6 8. Nc3 a6 9. Ba4 d5 10. Bxc6 bxc6 11. Bg5
11... Be6 $14) 7. d5 Nb8 8. c4 c6 9. Ba4 f5 ({8:-0.81} 9... f5 10. Nc3 Na6 11.
Be3 f4 12. Bc1 Nb4 13. a3 $16) ({8:-0.38} 9... cxd5 10. cxd5 Ng6 11. Bg5 f6 12.
Be3 Na6 13. Nc3 13... Bc5 $14) 10. Nc3 Na6 11. Bc2 Nb4 12. Bb1 fxe4 ({7:-1.37} 
12... fxe4 13. Nxe4 Bb8 14. d6 Ng6 15. Bg5 Qe8 16. Re1 $16) ({7:-0.75} 12...
cxd5 13. cxd5 f4 14. a3 Na6 15. Nb5 Bc7 16. Nxc7 16... Qxc7 $16) 13. Nxe4 Bb8
14. d6 Ng6 15. c5 Qa5 16. Bd2 Qb5 17. a4 Qc4 18. b3 Qe6 19. Bxb4 Qg4 20. h3 Qf5
21. Neg5 Qf6 22. Qd3 Kh8 23. Nxh7 Kxh7 24. Bd2 e4 25. Qxe4 Kg8 26. Qxg6 Qxg6
27. Bxg6 b6 28. b4 a5 29. Ng5 axb4 30. Bxb4 bxc5 31. Bxc5 Ba7 32. Bxa7 Rxa7 33.
Rfe1 Ra5 34. h4 Rd5 35. Rad1 Ra5 36. Re4 Ra6 37. Rde1 Bb7 38. Re8 Ra8 39. R8e7
Bc8 40. a5 Kh8 41. g3 Rb8 42. Rf7 Rd8 43. Ree7 Rb5 44. Rxg7 Rxg5 45. hxg5 c5
46. Be4 Bb7 47. Bxb7 Rb8 48. Bd5 Rb1+ 1-0

[Event "ICS rated bullet match"]
[Site "207.99.83.227"]
[Date "1999.04.21"]
[Round "?"]
[White "Hossa"]
[Black "SuperChicken"]
[Result "0-1"]
[WhiteElo "2482"]
[BlackElo "2817"]
[Annotator "Crafty v16.6"]
[PlyCount "72"]

{annotating for player ossa  using a scoring margin of +0.10 pawns.  search
time limit is 10.00} 1. e4 1... c5 2. Bc4 e6 3. Nc3 Nc6 4. Nf3 Nf6 5. O-O Be7
6. d4 ({9:+0.17} 6. d4 6... cxd4 7. Nxd4 Ne5 8. Bb5 O-O 9. Bf4 Ng6 10. Bg3
10... e5 $10) ({9:+0.28} 6. e5 6... Ng4 7. Qe2 O-O 8. Qe4 Nh6 9. d3 Nf5 10. Bf4
$10) 6... d5 7. exd5 exd5 8. Bb5 O-O 9. dxc5 Bxc5 10. Bg5 Be6 11. Qd2 ({8:+0.09
} 11. Qd2 11... a6 12. Bxf6 Qxf6 13. Nxd5 Qxb2 14. Rfb1 Qa3 15. Bc4 $10) ({
8:+0.23} 11. Rb1 11... a6 12. Bxf6 Qxf6 13. Nxd5 Bxd5 14. Qxd5 Bxf2+ 15. Rxf2
axb5 16. Qxb5 $10) 11... a6 12. Bxc6 bxc6 13. Qf4 Bd6 14. Qh4 Be7 15. Nd4 Bd7
16. Rae1 h6 17. Bxh6 Ne4 18. Qh5 Nxc3 19. Bxg7 Kxg7 20. bxc3 Bd6 21. f4 Rh8 22.
Nf5+ Bxf5 23. Qxf5 Qh4 24. h3 Rae8 25. Rb1 Re6 26. c4 Rh5 27. Qd3 Bc5+ 28. Kh1
Re3 29. cxd5 Rxd3 30. cxd3 Qg3 31. d4 Rxh3+ 32. gxh3 Qxh3+ 33. Kg1 Bxd4+ 34.
Rf2 Qg3+ 35. Kh1 Bxf2 36. dxc6 Qh3# 0-1

[Event "ICS rated bullet match"]
[Site "207.99.83.227"]
[Date "1999.04.21"]
[Round "?"]
[White "RODEMG"]
[Black "Hossa"]
[Result "0-1"]
[WhiteElo "2202"]
[BlackElo "2478"]
[PlyCount "72"]

1. e4 e5 2. Nf3 Nc6 3. Nc3 Bb4 4. Bb5 Nf6 5. O-O Nd4 6. Nxd4 exd4 7. e5 Ng8 8.
Ne4 a6 9. Bc4 b5 10. Bb3 Bb7 11. Qg4 Bf8 12. d3 Bc6 13. Re1 Qe7 14. Bg5 Nh6 15.
Qf4 Qb4 16. Nd6+ cxd6 17. exd6+ Be7 18. Rxe7+ Kd8 19. Re8+ Kxe8 20. Qe5+ Kf8
21. Bxh6 Qxd6 22. Qxd6+ Kg8 23. Qe7 d5 24. Qg5 Kf8 25. Qxg7+ Ke7 26. Re1+ Kd6
27. Qxf7 Kc5 28. Qe7+ Kb6 29. Bf4 Rhc8 30. a4 a5 31. axb5 Re8 32. Qc7+ Kxb5 33.
Ba4+ Ka6 34. Qxc6+ Ka7 35. Qc7+ Ka6 36. Bd6 36... Rxe1# {RODEMG checkmated} 0-1

[Event "ICS rated blitz match"]
[Site "207.99.83.227"]
[Date "1999.04.21"]
[Round "?"]
[White "Hossa"]
[Black "dillyman"]
[Result "1-0"]
[WhiteElo "2506"]
[BlackElo "2181"]
[PlyCount "47"]

1. e4 e5 2. Nf3 Nc6 3. Bc4 Bc5 4. d4 exd4 5. Ng5 Ne5 6. Bxf7+ Nxf7 7. Nxf7 Kxf7
8. Qh5+ Kf8 9. Qxc5+ d6 10. Qxd4 Qf6 11. Qxf6+ Nxf6 12. Nc3 Bd7 13. Bg5 Bc6 14.
Bxf6 gxf6 15. O-O-O Re8 16. f3 Rg8 17. g4 Re5 18. Nd5 Bxd5 19. Rxd5 Rxd5 20.
exd5 f5 21. gxf5 Rg5 22. Rd1 Rxf5 23. Rd3 Rh5 24. Rc3 {dillyman resigns} 1-0

[Event "ICS rated blitz match"]
[Site "207.99.83.227"]
[Date "1999.04.21"]
[Round "?"]
[White "Hossa"]
[Black "Pikulis"]
[Result "1/2-1/2"]
[WhiteElo "2514"]
[BlackElo "2180"]
[PlyCount "134"]

1. e4 d5 2. exd5 Qxd5 3. Nc3 Qa5 4. Nf3 Nf6 5. Be2 e5 6. d4 exd4 7. Nxd4 c6 8.
Nb3 Qc7 9. Bg5 Be7 10. Qd4 Be6 11. Bf4 Qd7 12. O-O Bxb3 13. Qxd7+ Nbxd7 14.
axb3 O-O 15. Rfe1 Rfe8 16. Bf3 Bc5 17. Rad1 Nb6 18. Ne4 Nxe4 19. Bxe4 g6 20.
Bf3 Rad8 21. Rxd8 Rxd8 22. c3 Bf8 23. Be3 Bg7 24. Bxb6 axb6 25. Re7 Rd2 26.
Rxb7 Rxb2 27. Rb8+ Bf8 28. g3 Rxb3 29. Bxc6 Rxc3 30. Rxb6 Kg7 31. Bd5 Rc7 32.
Rb8 Bd6 33. Rd8 Be7 34. Re8 Bf6 35. Kg2 Rc2 36. Kf3 Bd4 37. Re2 Rxe2 38. Kxe2
f5 39. f3 Kf6 40. f4 h6 41. Bc4 g5 42. h3 gxf4 43. gxf4 h5 44. h4 Kg6 45. Kf3
Bf6 46. Kg3 Bd4 47. Bb5 Bc3 48. Be8+ Kh6 49. Bd7 Kg6 50. Bc6 Kf6 51. Be8 Be1+
52. Kh3 Bd2 53. Bxh5 Bxf4 54. Bf3 Ke5 55. h5 Kd4 56. Kg2 Ke3 57. Bb7 Bg5 58.
Kg3 f4+ 59. Kg4 Bh6 60. Bf3 Bf8 61. Bd5 Bh6 62. Kh4 Bf8 63. Kg5 f3 64. Bxf3
Kxf3 65. h6 Ba3 66. h7 Bb2 67. h8=Q 67... Bxh8 {
Game drawn because neither player has mating material} 1/2-1/2

[Event "ICS Rated blitz match"]
[Site "207.99.83.227"]
[Date "1999.04.21"]
[Round "?"]
[White "rajah"]
[Black "Hossa"]
[Result "1/2-1/2"]
[WhiteElo "2344"]
[BlackElo "2502"]
[PlyCount "224"]

1. e4 d6 2. d4 Nf6 3. Bd3 Nc6 4. Ne2 Bg4 5. f3 Bh5 6. O-O Nb4 7. Nbc3 e5 8.
Bb5+ c6 9. Bc4 exd4 10. Nxd4 Be7 11. a3 d5 12. Be2 Na6 13. Bxa6 bxa6 14. g4 Bg6
15. g5 Nh5 16. exd5 cxd5 17. Qe2 O-O 18. Qe5 Bc5 19. Nxd5 Bd6 20. Qe2 Bxh2+ 21.
Kxh2 Qxd5 22. c3 Qd6+ 23. Kg1 Rfe8 24. Qh2 Qxh2+ 25. Kxh2 Rad8 26. Rf2 Re1 27.
Re2 Rxe2+ 28. Nxe2 Rd1 29. Nd4 Nf4 30. Nb3 Nd3 31. Be3 Nxb2 32. Rxd1 Nxd1 33.
Bd4 h5 34. gxh6 gxh6 35. c4 Bd3 36. c5 Bc4 37. Na5 Bd5 38. c6 Bxf3 39. c7 Bg4
40. Nc6 h5 41. Nxa7 Kh7 42. Kg3 Kg6 43. c8=Q Bxc8 44. Nxc8 Kf5 45. Kh4 Ke4 46.
Bh8 Kf5 47. Kxh5 Ke6 48. Bd4 Kd5 49. Bg7 Ne3 50. Nb6+ Ke6 51. Na4 Nf5 52. Nc5+
Kd5 53. Bf8 a5 54. Nb7 Nd4 55. Nxa5 f5 56. Bh6 Ne6 57. Nb3 Kd6 58. a4 Kd5 59.
a5 Kc4 60. Nd2+ Kb5 61. Kg6 Kxa5 62. Kxf5 Nd4+ 63. Ke4 Nc6 64. Nc4+ Kb5 65.
Nd6+ Kb4 66. Be3 Kb3 67. Bd2 Nb4 68. Kd4 Nc6+ 69. Kc5 Ne5 70. Kd5 Kc2 71. Ba5
Nf3 72. Ke4 Nd2+ 73. Ke3 Nb3 74. Bb4 Na1 75. Be1 Kb3 76. Kd3 Nc2 77. Bd2 Nb4+
78. Ke3 Nd5+ 79. Kd4 Kc2 80. Bg5 Nc3 81. Nf5 Kb3 82. Bd2 Nb1 83. Be1 Na3 84.
Kc5 Nc2 85. Bd2 Ka4 86. Nd6 Ka3 87. Nc4+ Kb3 88. Ne5 Ka4 89. Nc6 Kb3 90. Ne7
Na1 91. Nd5 Nc2 92. Ba5 Ka4 93. Bd8 Na3 94. Bg5 Kb3 95. Be7 Nc2 96. Bf6 Ne1 97.
Bc3 Nf3 98. Kb5 Ng5 99. Be5 Ne4 100. Ne3 Ka3 101. Kc4 Nd2+ 102. Kd3 Nf3 103.
Bc3 Ka2 104. Kc4 Ng5 105. Nd5 Ne4 106. Bb4 Kb1 107. Kd4 Ng5 108. Kc3 Ka1 109.
Kc2 Ne4 110. Kb3 Kb1 111. Kc4 Kc1 112. Kd4 112... Nd2 {
Game drawn by the 50 move rule} 1/2-1/2

[Event "ICS rated blitz match"]
[Site "207.99.83.227"]
[Date "1999.04.21"]
[Round "?"]
[White "JudgeTurpin"]
[Black "Hossa"]
[Result "1-0"]
[WhiteElo "2493"]
[BlackElo "2473"]
[Annotator "Crafty v16.6"]
[PlyCount "125"]

{annotating for player Hossa using a scoring margin of +0.10 pawns. search
time limit is 10.00} 1. e4 1... e5 2. f4 exf4 3. Nf3 Nf6 ({8:+0.45} 3... Nf6 4.
e5 Nh5 5. Nc3 Nc6 6. Bb5 Bc5 7. Nd5 $15) ({8:+0.61} 3... Nc6 4. d4 Nf6 5. Qe2
Nh5 6. Qb5 Nf6 7. Nc3 $15) 4. Nc3 Bb4 ({9:+0.22} 4... Bb4 5. e5 Nh5 6. Nd5 Nc6
7. Nxb4 Nxb4 8. c3 Nd5 9. Bb5 $10) ({9:+0.41} 4... Nc6 5. d3 Bd6 6. Nb5 Bb4+ 7.
c3 a6 8. cxb4 axb5 9. Bd2 $15) 5. e5 Nh5 6. Nd5 Ba5 7. b4 c6 8. Ba3 Bb6 9. Nxb6
axb6 10. Bb2 d6 ({8:+0.55} 10... d6 11. exd6 Qxd6 12. Qe2+ Be6 13. Ng5 f3 14.
Qxf3 Qxb4 15. Be5 $15) ({8:+0.78} 10... O-O 11. Bd3 Qe7 12. a3 d6 13. O-O Nd7
14. Re1 dxe5 15. Nxe5 Nxe5 16. Bxe5 $17) 11. Be2 dxe5 12. Bxe5 Nd7 ({8:+1.02} 
12... Nd7 13. O-O O-O 14. Bd6 Re8 15. c4 Qf6 16. c5 bxc5 17. bxc5 $17) ({
8:+1.16} 12... O-O 13. O-O Re8 14. Re1 Bg4 15. c4 Nd7 16. Bd6 $17) 13. Bc3 Nhf6
14. Bb2 O-O 15. O-O b5 16. a3 Re8 17. Re1 Ne4 18. d3 Nef6 19. c4 bxc4 20. dxc4
Ne4 21. c5 Ndf6 22. Be5 Bg4 23. Qxd8 Raxd8 24. Bxf4 Nd5 25. Be5 Ndc3 26. Bxc3
Nxc3 27. Bc4 Bxf3 28. gxf3 Kf8 29. Rxe8+ Rxe8 30. Kf2 Rd8 31. Rc1 Nd1+ 32. Ke2
Nb2 33. Ba2 Re8+ 34. Kd2 h5 35. Bb3 Ra8 36. Kc2 Na4 37. Rg1 g6 38. f4 Ra7 39.
f5 gxf5 40. Rg5 h4 41. Rxf5 b5 42. Rh5 Kg7 43. Rxh4 f5 44. Rh5 Kg6 45. Rh8 f4
46. Rc8 Kg5 47. Rxc6 Rh7 48. Rd6 Rxh2+ 49. Rd2 Rxd2+ 50. Kxd2 Nxc5 51. bxc5 Kf6
52. Ke2 Ke7 53. Kf3 Kd7 54. Bd5 Kc7 55. Kxf4 Kd7 56. Ke5 Kc7 57. c6 Kd8 58. Kd6
Ke8 59. c7 Kf8 60. c8=Q+ Kg7 61. Qg8+ Kf6 62. Be4 b4 63. Qg6# 1-0